Estados Unidos y los conflictos internacionales
Guardat en:
| Autor corporatiu: | |
|---|---|
| Format: | Text |
| Publicat: |
Madrid:
Fundamentos
|
| Etiquetes: |
Afegir etiqueta
Sense etiquetes, Sigues el primer a etiquetar aquest registre!
|
MARC
| LEADER | 00000 a a2200000 04500 | ||
|---|---|---|---|
| 001 | 25496 | ||
| 003 | |||
| 040 | |||
| 020 | |a 84-254-0437-2 | ||
| 090 | |a 152802 | ||
| 110 | |a IEPALA | ||
| 245 | |a Estados Unidos y los conflictos internacionales | ||
| 260 | |a Madrid: |b Fundamentos | ||
| 300 | |a 209 p. | ||
| 999 | |c 1020 |d 1020 | ||
